000 00565nam a22002297a 4500
003 UA-OsUOA
001 86711
007 ta
008 20120910b un ||||| |||| 00| 0 ukr d
100 _aСмилянський Л.
090 _a821.162.1
_bС 50
942 _cBK
040 _aUA-OsUOA
_brus
_cUA-OsUOA
_dUA-OsUOA
245 _aМихаил Коцюбинський
300 _a190 с.
955 _a3
041 _arus
080 _a821.162.1
260 _aК.
_b"Рядянський письменник"
_c1951
650 7 _2UDC
999 _c372867
_d372867